| 000 | 00404pab a2200157 454500 | ||
|---|---|---|---|
| 008 | 180718b1996 xxu||||| |||| 00| 0 eng d | ||
| 100 | _aRao, S.R.K. | ||
| 245 | _aThe economy: hollow claims by government | ||
| 260 | _c1996 | ||
| 300 | _ap.8 | ||
| 362 | _a3 Apr | ||
| 650 | _aEconomic and social development | ||
| 650 | _aEconomic planning and administration | ||
| 773 | _aStatesman | ||
| 909 | _a32424 | ||
| 999 |
_c32424 _d32424 |
||